000 02035nam0a2200385 4500
001 RU\NLR\bibl\1398429
005 20260405182738.0
010 _a978-5-89118-450-3
_9400
021 _aRU
_b2009-43236
_92628
035 _a(nilc)RSL-KNO-004335426
035 _a(NLR Aleph) 001390445
090 _a1158712
_c1158712
100 _a20131026d2009 |||y0rusy50 ca
101 0 _arus
_deng
102 _aRU
105 _aa |||||||||
200 1 _aСейсмотектонические эффекты твердофазных превращений в геоматериалах
_fМ. В. Родкин, А. Н. Никитин, Р. Н. Васин
_gГеофиз. центр РАН, Российский фонд фундаментальных исслед. (РФФИ)
210 _aМосква
_cГЕОС
_d2009
215 _a198, XIV с.
_cил., цв. ил.
_d25
300 _aРез. на англ. яз.
320 _aБиблиогр.: с. 175-193
606 1 _aГорные породы
_xФазовые превращения
_xСейсмотектонические эффекты
_92604825
_3RU\NLR\auth\661541383
610 2 _aНауки о Земле (геодезические, геофизические, геологические и географические науки) -- Геофизические науки -- Физика Земли -- Сейсмология -- Условия возникновения и проявления землетрясений. Сейсмогеология
686 _aД217.1,0
_2rubbk
686 _aД217.11
686 _aД340.44
700 1 _aРодкин
_bМ. В.
_gМихаил Владимирович
_4070
701 1 _4070
_7ca
_8rus
_aНикитин
_bА. Н.
_cд-р физ.-мат. наук
_f1950-2012
_962354
_3RU\NLR\AUTH\7779426
701 1 _aВасин
_bР. Н.
_gРоман Николаевич
_4070
801 0 _aRU
_bРГБ
_c20090529
_grcr
801 1 _aRU
_bРГБ
_c20090529
801 2 _aRU
_bNLR
_c20090805
_grcr
942 _cBOOK
980 _aNB